| 000 | 01665cam a22002535a 4500 | ||
|---|---|---|---|
| 001 | L149229 | ||
| 008 | 100208s2008 xxk f 000 0 eng d | ||
| 020 | _a9780080957142 | ||
| 035 | _a(Sirsi) u149229 | ||
| 041 | 0 | _aeng | |
| 050 | 0 | 4 | _a692.8 $2 18 |
| 100 | 1 | _aGibson, Roger | |
| 245 | 0 | 0 |
_aConstruction delays _bextensions of time and prolongation claims _h[electronic resource] |
| 260 |
_a[S.l.] _bTaylor & Francis _c2008 |
||
| 300 | _aeBook | ||
| 505 | 2 | _aProgrammes and record keeping -- Contracts and case law -- The 'thorny issues' -- Extensions of time -- Prolongation claims (and time-related costs) -- Appendix 1 Definitions and glossary -- Appendix 2 Levels of programmes -- Appendix 3 Model specification for a 'windows' analysis -- Appendix 4 Charts for worked example: time impact analysis -- Appendix 5 Charts for worked example: windows analysis | |
| 520 | _aThis eBook provides guidance on delay analysis, particularly in relation to extension of time submissions. It gives readers the information and practical details to be considered in formulating and resolving extension of time submissions and time-related prolongation claims. Useful guidance and recommended good practice is given on all the common delay analysis techniques, and worked examples of extension of time submissions and time-related prolongation claims are included. | ||
| 590 | _aka | ||
| 650 | 2 | 4 | _aEBOOK |
| 651 | 4 | _aENGLAND AND WALES | |
| 690 | _aMANAGEMENT-DISPUTE AVOIDANCE, MANAGEMENT AND RESOLUTION-DISPUTE MANAGEMENT AND RESOLUTION | ||
| 856 | 4 | 8 |
_uhttps://www.vlebooks.com/ _zView on VLEbooks. Logins for members only from [email protected] |
| 942 | _n0 | ||
| 999 |
_c110432 _d110432 |
||